000 00597nam a22001817a 4500
999 _c61045
_d61045
005 20231212102100.0
008 231212s1986 ru ||||| |||| 00| 0 rus d
041 _arus
080 _a82.01:929 Г-65
100 _aГончарова, Т.
_920668
245 _aЕврипид /
_c Т. Гончарова.
250 _aВторое издание
264 _aМ. :
_b Молодая гвардия,
_c 1984.
300 _a270 с.:
_bил.;
_c21 см.
440 _aЖизнь замечательных людей
_920669
653 _aევრიპიდე
942 _2udc
_cᲬᲘᲒᲜᲘ